000 01145nam a22002777a 4500
001 3120
003 FISKH
005 20250826090502.0
008 240207b cb ||||| |||| 00| 0 eng d
020 _a9789814281188
040 _aFISKH
_beng
_cFISKH
_dFISKH
050 _a428.6
082 _aPZ7
100 _aSmith, Annette
245 _aPuss-in-Boots/
_cRetold by Annette Smith ; Illustrated by Naomi C Lewis
250 _aFirst published in 1998
260 _bNelson School :
_aSouth Melbourne,
_c1998.
300 _a32 pages :
_bcolor illustrations ;
_c21 cm .
505 _aO
520 _aPerrault collected this story and it was published in France in 1697. Iona and Peter Opie ('The Classic Fairy Tales,' Oxford University Press, 1974) mention two earlier Italian versions, but Perrault's tale is the best known. Puss-in-Boots' traditional costume (cavalier-style boots and large plummed hat) places the story in mid-17th century. Set in France, circa 1650.
521 _a600
_bLexile estimate
521 _aO
_bRaz-Plus
650 _acat
_vfiction
700 _aLewis, Naomi C
_eillustrator
942 _2ddc
_cBK
_n0
999 _c3120
_d3120